000 00622nam a22002417a 4500
003 UA-OsUOA
001 34198
007 ta
008 20050926b un ||||| |||| 00| 0 ukr d
100 _aФеваль П.
090 _a821.133.1
_bФ31
942 _cBK
040 _aUA-OsUOA
_brus
_cUA-OsUOA
_dUA-OsUOA
245 _aКоролева - Малютка
_bроман
300 _a448 с.
955 _a3
041 _arus
080 _a821.133.1
020 _a5-85585-235-0
260 _aМ.
_bЭКСМО
_c1995
650 7 _a82 Література. Літературознавство
_2UDC
999 _c320629
_d320629